| 000 | 00633nam a22002057a 4500 | ||
|---|---|---|---|
| 003 | PILC | ||
| 005 | 20160321150747.0 | ||
| 008 | 131214b xxu||||| |||| 00| 0 eng d | ||
| 020 | _a9780415672504 | ||
| 050 |
_aG 155.A1 _b.M665 2013 |
||
| 100 | _aMorrison, Alastair M. | ||
| 245 |
_aMarketing and managing tourism destinations / _bAlastair M. Morrison. |
||
| 260 |
_aLondon : _bRoutledge, _c2013. |
||
| 300 |
_a596 pages : _billustrations ; _c25 cm. |
||
| 500 | _aIncludes bibliographic references and index. | ||
| 650 |
_aTourism _xMarketing. |
||
| 650 |
_aTourism _xManagement. |
||
| 942 |
_2lcc _cBK _kFOR |
||
| 999 |
_c25773 _d25773 |
||